00953cam a22002532 4500001001100000005001700011008004100028020001500069040001500084110008600099245016600185250001300351260003400364300001100398650002800409650004100437700003000478700003500508852001300543908001100556950000600567999001500573952011100588000001326920151217152125.0090722s xx 000 0 eng d a2831701484 aKABUcKABU2 aInternational Union for Conservation of Nature and Natural Resources.@000016190810aReflective institutions :beight characteristics of institutions that encourage and respond to learning by doing /cprepared by Eric Dudley and Alejandro Imbach. a1st ed. aCambridge, UK :bIUCN,c1997. a21 p. 0aManagement.@0000083920 0aOrganizational behavior.@00001507901 aDudley, Eric.@00001704241 aImbach, Alejandro.@00001704251 9p100 KES a090722 @1 c8508d8508 00102lcc70aKABUbKABUd2015-12-17l0oHD58.7 .I58 1997 c. 1p17974r2024-08-02 00:00:00w2015-12-17yBK